000
00287nam a2200121Ia 4500
005
20251222154408.0
008
251222s9999||||xx |||||||||||||| ||spa||
020
_a
84-01-42228-0
082
_a
868.9/L95
100
_a
"Luis, Leopoldo De"
245
0
_a
Los caminos cortados
942
_c
LIB
999
_c
35561
_d
35561